Acuerdo de promoción comercial Colombia-Estados Unidos : (Registro nro. 3864)

Detalles MARC
000 -LEADER
fixed length control field 01052nam a2200253Ia 4500
003 - CONTROL NUMBER IDENTIFIER
control field OSt
005 - DATE AND TIME OF LATEST TRANSACTION
control field 20210114111034.0
008 - FIXED-LENGTH DATA ELEMENTS--GENERAL INFORMATION
fixed length control field 191128s2011 ck gr 000 0 spa d
020 ## - INTERNATIONAL STANDARD BOOK NUMBER
International Standard Book Number 9789587160499
040 ## - CATALOGING SOURCE
Original cataloging agency CO-JMCR
Transcribing agency CO-JMCR
041 0# - LANGUAGE CODE
Language code of text/sound track or separate title spa
-- eng
082 04 - DEWEY DECIMAL CLASSIFICATION NUMBER
Classification number 347.9861 /
Item number A189a
Edition number 23
245 00 - TITLE STATEMENT
Title Acuerdo de promoción comercial Colombia-Estados Unidos :
Remainder of title tratado de libre comercio /
250 ## - EDITION STATEMENT
Edition statement Primera edición
260 ## - PUBLICATION, DISTRIBUTION, ETC.
Place of publication, distribution, etc. Bogotá :
Name of publisher, distributor, etc. Pontificia Universidad Javeriana,
Date of publication, distribution, etc. 2011
300 ## - PHYSICAL DESCRIPTION
Extent lxxvi, 842 páginas ;
Dimensions 23 cm.
500 ## - GENERAL NOTE
General note Incluye notas a pie de página.
505 0# - FORMATTED CONTENTS NOTE
Formatted contents note Carta Ministerio de Comercio, Industria y Turismo -- TLC Colombia - Estados Unidos: un nuevo modelo de transparencia y participación del público en la constitución de la política exterior comercial de Colombia
546 ## - LANGUAGE NOTE
Language note Textos en español e inglés
650 14 - SUBJECT ADDED ENTRY--TOPICAL TERM
Topical term or geographic name entry element Tratado de libre comercio
General subdivision aspectos jurídicos
Geographic subdivision Colombia
9 (RLIN) 9076
650 14 - SUBJECT ADDED ENTRY--TOPICAL TERM
Topical term or geographic name entry element Comercio internacional
9 (RLIN) 4034
650 14 - SUBJECT ADDED ENTRY--TOPICAL TERM
Topical term or geographic name entry element Política internacional
9 (RLIN) 9137
942 ## - ADDED ENTRY ELEMENTS (KOHA)
Source of classification or shelving scheme Dewey Decimal Classification
Koha item type Books
Existencias
Withdrawn status Lost status Source of classification or shelving scheme Damaged status Not for loan Collection code Home library Current library Date acquired Source of acquisition Full call number Barcode Date last seen Copy number Koha item type
    Dewey Decimal Classification     Non-fiction Biblioteca Pública José María del Castillo y Rada Biblioteca Pública José María del Castillo y Rada 12/01/2017 Donación 347.9861 / A189a 201808395 05/16/2024 V.1 / Ej.1 Books